LEADER 01036nam a2200253 u 4500 001 000000117795 003 CaOOAMICUS 005 20091104132827.0 008 091104s1928 fr u000 u fre u 040 $aPUL$bita$dMCT 041 1 $afre$hger 100 1 $aSchmitt, Carl,$d1888-1985.$0(OLS)http://pul/name/27304 240 10$aPolitische Romantik.$lFrancese.$0(OLS)http://pul/title/148286 245 10$aRomantisme politique /$cCarl Schmitt ; traduit de l'allemand par Pierre Linn. 260 $aParis :$bLibrairie Valois,$c1928. 300 $a165 p. ;$c21 cm 490 1 $aBibliothèque française de philosophie 650 4$aRomanticismo.$0(OLS)http://pul/subject/3381 830 0$aBibliothèque française de philosophie.$0(OLS)http://pul/title/7899 850 $aPUL 852 $aPUL$W1$xDP1 Filosofia 1$y19$m589 G 8$j135176$qStampati$B134145$CPULBib$Z2$F134145 $82 941 1 $a8 996 $6245$aRomantisme politique$9(OLS)http://pul/title/148287 996 $6260$aParis :$bLibrairie Valois$9(OLS)http://pul/publisher/68265 LEADER 01574nam a2200337 u 4500 001 000000065917 003 CaOOAMICUS 005 20070226121522.0 008 011218s1974 fr u000 u fre u 035 $a10914577 040 $aPUL(R)$bita 100 1 $aWéber, Édouard-Henri,$cO.P.,$d1922-$0(OLS)http://pul/name/20486 245 10$aDialogue et dissensions entre Saint Bonaventure et Saint Thomas d'Aquin à Paris (1252-1273) /$cpar Edouard-Henri Wéber ; préface de Y. Congar. 260 $aParis :$bJ. Vrin,$c1974. 300 $a519 p. ;$c26 cm 490 1 $aBibliothèque thomiste ;$v41 500 $aContiene indici. 504 $aBibliografia in nota. 600 04$aThomas Aquinas,$cs.,$dc. 1225-1274$xFilosofia.$0(OLS)http://pul/subject/1465 600 04$aBonaventura,$cs., card.,$dc. 1217-1274$xFilosofia.$0(OLS)http://pul/subject/1949 650 4$aTomismo.$0(OLS)http://pul/subject/597 650 4$aFilosofia medievale.$0(OLS)http://pul/subject/139 700 1 $aCongar, Yves,$ccardinale,$d1904-1995.$0(OLS)http://pul/name/368 830 0$aBibliothèque thomiste ;$v41.$0(OLS)http://pul/title/1273 850 $aPUL 852 $aPUL$W1$xSL Religione 1$y3$m78 D 5$j85264$nBK-PRI$b $qStampati$B85264$CPULBib$Z2$F85264 $H $81 941 1 $a8 960 $aFilosofia medioevale$9139 961 $aINV: 40618 996 $6245$aDialogue et dissensions entre Saint Bonaventure et Saint Thomas d'Aquin à Paris (1252-1273)$9(OLS)http://pul/title/87598 996 $6260$aParis :$bJ. Vrin$9(OLS)http://pul/publisher/48393